000 00345nam a2200121Ia 4500
008 210430s9999 xx 000 0 und d
082 _a547.30873 L4771A
100 _aLee Terrence A.
245 2 _aA Beginner's Guide To Mass Spectral Interpretation
_cLee Terrence A.
260 _bJohn Wiley &Sons
_c1998
300 _a186p.
942 _cREF
_2ddc
999 _c565819
_d565819